La formulacin̤ de tipos penales Valoracin̤ crt̕ica de los instrumentos de Tčnica Legislativa /

Detalles Bibliográficos
Autor principal: Ossandn̤ Widow, Mara̕ Magdalena
Formato: eBook
Lenguaje:español
Publicado: [Chile] : Editorial jurd̕ica de Chile, 2011
Materias:
Acceso en línea:Acceso restringido

MARC

LEADER 00000nam a22000007a 4500
005 20111014112258.0
008 111014s2011 cl |||||s|||| 00||0 spa d
035 |a 5981 
040 |a vLex 
090 |c 2658  |d 2658 
100 1 |a Ossandn̤ Widow, Mara̕ Magdalena 
245 1 3 |a La formulacin̤ de tipos penales  |h [Recurso electrn̤ico] :  |b Valoracin̤ crt̕ica de los instrumentos de Tčnica Legislativa /  |c Mara̕ Magdalena Ossandn̤ Widow  
256 |a Servicio en ln̕ea. 
260 |a [Chile] :  |b Editorial jurd̕ica de Chile,  |c 2011 
300 |a 1 recurso electrn̤ico 
506 1 |a Contenido solo disponible en los productos indicados  |d vLex Global  |d vLex Global (Academic Edition, excluding Law Schools)  |d vLex Global (U.S. Academic Edition, Law Schools)  |d vLex Global (U.S. Academic Edition, excluding Law Schools)  |d vLex Global (Academic Edition, Law Schools) 
650 0 4 |a Formularios jurd̕icos  |z Chile 
740 0 |a vLex Libros (Servicio en ln̕ea) 
856 4 0 |u http://vlex.com/source/5981  |z Acceso restringido 
942 |c BOOK